000 00778cam a2200217 4500
001 ##L128104
008 041124n2004 000 0 eng u
020 _a0754632547
035 _a(Sirsi) u128104
041 0 _aeng
050 _a025.3 $2 22
100 1 _aRafferty, Pauline
245 _aIndexing multimedia and creative works
_bthe problems of meaning and interpretation
260 _aAldershot
_bAshgate
_c2004
300 _axiv, 208p.
_c24cm.
350 _a35
520 _aExplores the challenges of indexing and information retrieval work for non-verbal media. Primarily intended for third year undergraduate and post graduate information students.
690 _aMANAGEMENT-BUSINESS MANAGEMENT-INFORMATION MANAGEMENT
700 1 _aHidderley, Rob
942 _n0
999 _c103870
_d103870